000
00231nam a2200097Ia 4500
001
651475
005
20250826154420.0
008
250824s9999 xx 000 0 und d
245
0
_a
MARTI HAVA HER DENEY BİR EĞLENCE
260
_b
MARTI
999
_c
651475
_d
651475